000 00592nam a22001937a 4500
999 _c18521
_d18521
003 AR-CdUCM
008 190514b ||||| |||| 00| 0 spa d
040 _aMUNICIPALIDAD PROVINCIAL DEL CUSCO
_cBIBLIOTECA MUNICIPAL DEL CUSCO
082 _a868.5 /
_bAR68 / 1923
100 _aArderius, Joaquin
_939154
245 _aAsi me fecundo Zaratustra /
260 _aMadrid :
_bSucesores de rivadeneyra,
_c1923.
300 _a200 paginas ;
_c20 cm.
500 _aHistoria y literatura
650 _aHistoria
_9246
650 _aLiteratura
_983
942 _2ddc
_cLIBROS
945 _apjha
_d2019-05-14